[Event "2nd Hersonissos Open 2018"]
[Site "Hersonissos"]
[Date "2018.06.21"]
[Round "6"]
[White "Bras, Emanouel"]
[Black "Koutsourakis, Ioannis"]
[Result "1/2-1/2"]
[WhiteElo "1859"]
[BlackElo "1560"]
[Annotator "NA"]
[PlyCount "83"]
[EventDate "2018.06.16"]
[EventType "swiss"]
[EventCountry "GRE"]
[SourceTitle "playchess.com"]
[Source "ChessBase"]
[SourceQuality "1"]
[TimeControl "5400+30"]

1. d4 {[%emt 0:04:27]} d5 {[%emt 0:00:07]} 2. Nf3 {[%emt 0:00:17]} Nf6 {[%emt 0:00:11]} 3. Bf4 {[%emt 0:00:11]} c5 {[%emt 0:00:37]} 4. e3 {[%emt 0:00:46]} e6 {[%emt 0:00:09]} 5. Be2 {[%emt 0:00:40]} Nc6 {[%emt 0:03:33]} 6. O-O {[%emt 0:00:33]} Bd6 {[%emt 0:03:38]} 7. Bg3 {[%emt 0:01:43]} O-O {[%emt 0:04:48]} 8. Nc3 {[%emt 0:00:26]} a6 {[%emt 0:03:14]} 9. Ne5 {[%emt 0:03:28]} Ne7 {[%emt 0:08:16]} 10. Ng4 {[%emt 0:03:05]} Nxg4 {[%emt 0:01:49]} 11. Bxg4 {[%emt 0:00:38]} b5 {[%emt 0:03:16]} 12. Ne2 {[%emt 0:04:32]} Bb7 {[%emt 0:04:45]} 13. c3 {[%emt 0:01:31]} Ng6 {[%emt 0:05:09]} 14. Bh5 {[%emt 0:01:46]} Ne7 {[%emt 0:02:05]} 15. Bf3 {[%emt 0:06:04]} Qb6 {[%emt 0:02:54]} 16. Bxd6 {[%emt 0:02:13]} Qxd6 {[%emt 0:00:10]} 17. g3 {[%emt 0:02:31]} c4 {[%emt 0:02:32]} 18. h4 {[%emt 0:05:10]} f5 {[%emt 0:11:31]} 19. Bg2 {[%emt 0:01:58]} Rf6 {[%emt 0:04:22]} 20. Nf4 {[%emt 0:01:44]} Nc6 {[%emt 0:02:20]} 21. Qd2 {[%emt 0:12:23]} a5 {[%emt 0:01:26]} 22. a3 {[%emt 0:01:22]} Rb8 {[%emt 0:02:12]} 23. Rfb1 {[%emt 0:06:16]} Rff8 {[%emt 0:08:15]} 24. Qd1 {[%emt 0:01:23]} a4 {[%emt 0:01:29]} 25. Qh5 {[%emt 0:04:46]} Rf6 {[%emt 0:03:22]} 26. Re1 {[%emt 0:03:04]} Ne7 {[%emt 0:03:23]} 27. Qd1 {[%emt 0:01:44]} Ng6 {[%emt 0:02:25]} 28. Nh3 {[%emt 0:01:00]} Bc6 {[%emt 0:04:33]} 29. Ng5 {[%emt 0:01:14]} Be8 {[%emt 0:01:46]} 30. Nf3 {[%emt 0:02:24]} Ne7 {[%emt 0:01:31]} 31. Ne5 {[%emt 0:00:23]} Nc6 {[%emt 0:00:11]} 32. f4 {[%emt 0:00:45]} h5 {[%emt 0:01:15]} 33. Kf2 {[%emt 0:05:22]} g6 {[%emt 0:00:45]} 34. Bf3 {[%emt 0:03:10]} Kg7 {[%emt 0:04:07]} 35. Rg1 {[%emt 0:00:43]} Kf8 {[%emt 0:02:09]} 36. Qe2 {[%emt 0:00:50]} Rb7 {[%emt 0:00:53]} 37. Rg2 {[%emt 0:00:53]} Rh7 {[%emt 0:00:24]} 38. Rag1 {[%emt 0:00:37]} Ke7 {[%emt 0:00:33]} 39. Ra1 {[%emt 0:01:59]} Nd8 {[%emt 0:01:41]} 40. Rgg1 {[%emt 0:00:00]} Rh8 {[%emt 0:00:00]} 41. Bg2 {[%emt 0:00:00]} Nb7 {[%emt 0:00:00]} 42. Bf3 {[%emt 0:00:00]} 1/2-1/2

[Event "2nd Hersonissos Open 2018"]
[Site "Hersonissos"]
[Date "2018.06.21"]
[Round "6"]
[White "Warnk, Torsten"]
[Black "Mateev, Kaloyan Mateev"]
[Result "0-1"]
[WhiteElo "1853"]
[BlackElo "1539"]
[Annotator "NA"]
[PlyCount "154"]
[EventDate "2018.06.16"]
[EventType "swiss"]
[EventCountry "GRE"]
[SourceTitle "playchess.com"]
[Source "ChessBase"]
[SourceQuality "1"]
[TimeControl "5400+30"]

1. d4 {[%emt 0:01:55]} d6 {[%emt 0:01:54]} 2. Nf3 {[%emt 0:00:06]} Nf6 {[%emt 0:00:18]} 3. c4 Bf5 4. Nc3 {[%emt 0:03:58]} Nbd7 {[%emt 0:00:51]} 5. Bg5 {[%emt 0:02:46]} c5 {[%emt 0:04:22]} 6. d5 {[%emt 0:02:30]} h6 {[%emt 0:03:27]} 7. Bh4 {[%emt 0:00:10]} g5 {[%emt 0:01:20]} 8. Bg3 {[%emt 0:00:07]} Bg7 {[%emt 0:00:04]} 9. e3 {[%emt 0:04:25]} Ne4 {[%emt 0:03:29]} 10. Nxe4 {[%emt 0:19:06]} Bxe4 {[%emt 0:00:30]} 11. Nd2 {[%emt 0:00:12]} Bg6 {[%emt 0:04:12]} 12. e4 {[%emt 0:20:18]} Bxb2 {[%emt 0:00:27]} 13. Rb1 {[%emt 0:00:16]} Bc3 {[%emt 0:00:21]} 14. Bd3 {[%emt 0:02:28]} Qa5 {[%emt 0:06:19]} 15. Qc2 {[%emt 0:01:48]} Rb8 {[%emt 0:11:24]} 16. Ke2 {[%emt 0:01:50]} Bxd2 {[%emt 0:02:05]} 17. Qxd2 {[%emt 0:00:05]} Qxd2+ {[%emt 0:00:21]} 18. Kxd2 {[%emt 0:00:03]} O-O {[%emt 0:01:51]} 19. h4 {[%emt 0:00:53]} Kg7 {[%emt 0:04:41]} 20. f4 gxf4 {[%emt 0:03:28]} 21. Bxf4 {[%emt 0:02:55]} f5 {[%emt 0:00:12]} 22. exf5 {[%emt 0:05:27]} Bxf5 {[%emt 0:01:52]} 23. Rhe1 {[%emt 0:03:25]} Ne5 {[%emt 0:11:24]} 24. Bxe5+ {[%emt 0:00:38]} dxe5 {[%emt 0:00:08]} 25. Rxe5 {[%emt 0:00:12]} e6 {[%emt 0:14:08]} 26. dxe6 {[%emt 0:03:18]} Bxd3 {[%emt 0:01:30]} 27. Kxd3 {[%emt 0:00:31]} Kf6 {[%emt 0:02:42]} 28. Re2 {[%emt 0:01:31]} Ke7 {[%emt 0:00:31]} 29. Rbe1 {[%emt 0:01:56]} Rbd8+ {[%emt 0:00:34]} 30. Kc3 {[%emt 0:00:35]} Rd4 {[%emt 0:03:15]} 31. g3 {[%emt 0:02:30]} Rg8 {[%emt 0:02:48]} 32. Re3 {[%emt 0:05:39]} Rgg4 {[%emt 0:00:15]} 33. Rf1 {[%emt 0:02:00]} Rxc4+ {[%emt 0:00:17]} 34. Kb2 {[%emt 0:00:53]} Rg7 {[%emt 0:01:10]} 35. Rd1 {[%emt 0:05:24]} Rd4 {[%emt 0:00:27]} 36. Rf1 {[%emt 0:00:45]} Rd6 {[%emt 0:01:27]} 37. Rf5 {[%emt 0:02:02]} b6 {[%emt 0:02:12]} 38. Ra3 {[%emt 0:02:19]} Kxe6 {[%emt 0:00:18]} 39. Rh5 {[%emt 0:00:36]} Rd2+ {[%emt 0:07:59]} 40. Kc1 {[%emt 0:00:51]} Rg2 {[%emt 0:00:42]} 41. Rxh6+ {[%emt 0:00:00]} Kf5 {[%emt 0:00:00]} 42. Rd6 {[%emt 0:00:00]} R2xg3 {[%emt 0:00:00]} 43. Ra4 {[%emt 0:00:00]} R3g4 {[%emt 0:00:00]} 44. Rd5+ {[%emt 0:00:00]} Ke6 {[%emt 0:00:00]} 45. Rxg4 {[%emt 0:00:00]} Rxg4 {[%emt 0:00:00]} 46. Rh5 {[%emt 0:00:00]} Kf6 {[%emt 0:00:00]} 47. Kc2 {[%emt 0:00:00]} Rg7 {[%emt 0:00:00]} 48. Kc3 {[%emt 0:00:00]} Kg6 {[%emt 0:00:00]} 49. Rd5 {[%emt 0:00:00]} Rh7 {[%emt 0:00:00]} 50. Kb3 {[%emt 0:00:00]} Rxh4 {[%emt 0:00:00]} 51. Rd7 {[%emt 0:00:00]} Rh7 {[%emt 0:00:00]} 52. Rd2 {[%emt 0:00:00]} Kf5 {[%emt 0:00:00]} 53. a3 {[%emt 0:00:00]} Re7 {[%emt 0:00:00]} 54. Kc4 {[%emt 0:00:00]} a6 {[%emt 0:00:00]} 55. Rd6 {[%emt 0:00:00]} Re6 {[%emt 0:00:00]} 56. Rd7 {[%emt 0:00:00]} Re4+ {[%emt 0:00:00]} 57. Kb3 {[%emt 0:00:00]} b5 {[%emt 0:00:00]} 58. Rd5+ {[%emt 0:00:00]} Re5 {[%emt 0:00:00]} 59. Rd6 {[%emt 0:00:00]} a5 {[%emt 0:00:00]} 60. Rh6 {[%emt 0:02:17]} a4+ {[%emt 0:00:00]} 61. Kb2 {[%emt 0:00:27]} Ke4 {[%emt 0:01:16]} 62. Kc3 {[%emt 0:00:58]} Rf5 {[%emt 0:04:48]} 63. Rb6 {[%emt 0:00:52]} Rf3+ {[%emt 0:00:13]} 64. Kc2 {[%emt 0:00:18]} Rb3 {[%emt 0:00:31]} 65. Rb8 {[%emt 0:00:52]} Kd4 {[%emt 0:00:27]} 66. Rh8 {[%emt 0:00:10]} Rxa3 {[%emt 0:00:21]} 67. Rh4+ {[%emt 0:00:09]} Kd5 {[%emt 0:00:16]} 68. Rh5+ {[%emt 0:00:17]} Kc6 {[%emt 0:00:22]} 69. Rh6+ {[%emt 0:00:05]} Kb7 {[%emt 0:00:10]} 70. Rh5 {[%emt 0:00:21]} Kb6 {[%emt 0:00:09]} 71. Rh6+ {[%emt 0:00:19]} Ka5 {[%emt 0:00:08]} 72. Rh5 {[%emt 0:00:16]} c4 {[%emt 0:00:15]} 73. Rg5 {[%emt 0:00:10]} Rb3 {[%emt 0:00:12]} 74. Rh5 {[%emt 0:00:21]} a3 {[%emt 0:00:54]} 75. Rg5 {[%emt 0:00:10]} a2 {[%emt 0:00:32]} 76. Rg8 {[%emt 0:00:36]} Kb4 {[%emt 0:00:20]} 77. Ra8 {[%emt 0:00:06]} Ra3 {[%emt 0:00:17]} 0-1

[Event "2nd Hersonissos Open 2018"]
[Site "Hersonissos"]
[Date "2018.06.21"]
[Round "6"]
[White "Storkebaum, Ulrike"]
[Black "Alexandrakis, Georgios"]
[Result "1-0"]
[WhiteElo "1825"]
[BlackElo "1299"]
[Annotator "NA"]
[PlyCount "127"]
[EventDate "2018.06.16"]
[EventType "swiss"]
[EventCountry "GRE"]
[SourceTitle "playchess.com"]
[Source "ChessBase"]
[SourceQuality "1"]
[TimeControl "5400+30"]

1. e4 {[%emt 0:00:00]} c5 {[%emt 0:00:08]} 2. Nf3 {[%emt 0:00:00]} e6 {[%emt 0:00:10]} 3. d4 {[%emt 0:00:00]} cxd4 {[%emt 0:00:03]} 4. Nxd4 {[%emt 0:00:00]} Nf6 {[%emt 0:00:06]} 5. Nc3 {[%emt 0:00:34]} Bb4 {[%emt 0:02:57]} 6. Bd3 {[%emt 0:00:53]} Nc6 {[%emt 0:03:41]} 7. Nxc6 {[%emt 0:02:18]} dxc6 {[%emt 0:02:19]} 8. O-O {[%emt 0:00:58]} O-O {[%emt 0:06:48]} 9. Bg5 {[%emt 0:00:59]} Be7 {[%emt 0:01:21]} 10. Be3 {[%emt 0:08:36]} e5 {[%emt 0:06:51]} 11. h3 {[%emt 0:01:49]} Be6 {[%emt 0:03:51]} 12. Ne2 {[%emt 0:13:51]} Qc7 {[%emt 0:06:57]} 13. Ng3 {[%emt 0:03:38]} Rfd8 {[%emt 0:06:23]} 14. Qe2 {[%emt 0:00:41]} c5 {[%emt 0:00:27]} 15. Bc4 {[%emt 0:01:45]} Qc6 {[%emt 0:02:35]} 16. Bxe6 {[%emt 0:02:03]} Qxe6 {[%emt 0:01:39]} 17. c4 {[%emt 0:01:00]} Rd7 {[%emt 0:12:04]} 18. f3 {[%emt 0:02:03]} h5 {[%emt 0:08:50]} 19. b3 {[%emt 0:04:04]} h4 {[%emt 0:04:11]} 20. Nf5 {[%emt 0:00:55]} Nh5 {[%emt 0:01:15]} 21. Qf2 {[%emt 0:04:38]} Qf6 {[%emt 0:06:03]} 22. Rfd1 {[%emt 0:01:34]} Rc7 {[%emt 0:01:16]} 23. Rd5 {[%emt 0:05:20]} b6 {[%emt 0:01:29]} 24. Rad1 {[%emt 0:00:17]} Rac8 {[%emt 0:03:57]} 25. Qd2 {[%emt 0:05:14]} a6 {[%emt 0:05:48]} 26. Nxe7+ {[%emt 0:02:51]} Qxe7 {[%emt 0:00:40]} 27. Bg5 {[%emt 0:01:56]} f6 {[%emt 0:02:31]} 28. Bxh4 {[%emt 0:00:39]} Kf7 {[%emt 0:01:53]} 29. Rd6 {[%emt 0:00:59]} Rb8 {[%emt 0:01:05]} 30. Bf2 {[%emt 0:05:13]} Ke8 {[%emt 0:02:13]} 31. Qd5 {[%emt 0:00:52]} Kf8 {[%emt 0:00:35]} 32. Be3 {[%emt 0:01:42]} Rcb7 {[%emt 0:01:05]} 33. Kf2 {[%emt 0:01:10]} Nf4 {[%emt 0:00:25]} 34. Bxf4 {[%emt 0:00:46]} exf4 {[%emt 0:00:03]} 35. Qf5 {[%emt 0:03:29]} Qe5 {[%emt 0:01:46]} 36. Qh7 {[%emt 0:04:45]} Re8 {[%emt 0:03:57]} 37. R1d2 {[%emt 0:02:30]} Kf7 {[%emt 0:00:42]} 38. R6d5 {[%emt 0:02:01]} Qe6 {[%emt 0:00:42]} 39. Qh5+ {[%emt 0:01:06]} Kf8 {[%emt 0:00:35]} 40. Qf5 {[%emt 0:00:00]} Qxf5 {[%emt 0:00:00]} 41. Rxf5 {[%emt 0:00:00]} Kf7 {[%emt 0:00:00]} 42. Rxf4 {[%emt 0:00:00]} g6 {[%emt 0:00:00]} 43. Rh4 {[%emt 0:00:00]} Kg7 {[%emt 0:00:00]} 44. Rd6 {[%emt 0:00:00]} Reb8 {[%emt 0:00:00]} 45. Rf4 {[%emt 0:00:00]} Rf7 {[%emt 0:00:00]} 46. g4 {[%emt 0:00:00]} b5 {[%emt 0:00:00]} 47. cxb5 {[%emt 0:00:00]} axb5 {[%emt 0:00:00]} 48. g5 {[%emt 0:00:00]} fxg5 {[%emt 0:00:00]} 49. Rxf7+ {[%emt 0:00:00]} Kxf7 {[%emt 0:00:00]} 50. Rc6 {[%emt 0:00:00]} c4 {[%emt 0:00:00]} 51. Kg3 {[%emt 0:00:00]} cxb3 {[%emt 0:00:00]} 52. axb3 {[%emt 0:00:00]} b4 {[%emt 0:00:00]} 53. h4 {[%emt 0:00:00]} gxh4+ {[%emt 0:00:00]} 54. Kxh4 {[%emt 0:00:00]} Rb5 {[%emt 0:00:00]} 55. Kg4 {[%emt 0:00:00]} Kg7 {[%emt 0:00:00]} 56. f4 {[%emt 0:00:18]} Kf7 {[%emt 0:00:00]} 57. e5 {[%emt 0:00:32]} Rb7 {[%emt 0:00:00]} 58. Kg5 {[%emt 0:01:33]} Kg7 {[%emt 0:03:48]} 59. Rxg6+ {[%emt 0:00:17]} Kh7 {[%emt 0:01:24]} 60. Rh6+ {[%emt 0:04:43]} Kg7 {[%emt 0:01:04]} 61. f5 {[%emt 0:01:17]} Rb5 {[%emt 0:01:19]} 62. f6+ {[%emt 0:01:09]} Kf7 {[%emt 0:00:48]} 63. Kf5 {[%emt 0:00:27]} Rc5 {[%emt 0:00:22]} 64. Rh7+ {[%emt 0:01:04]} 1-0

[Event "2nd Hersonissos Open 2018"]
[Site "Hersonissos"]
[Date "2018.06.21"]
[Round "6"]
[White "Afsari-Rad, Aidin"]
[Black "Djingarova, Emilia"]
[Result "0-1"]
[WhiteElo "1802"]
[BlackElo "2218"]
[Annotator "NA"]
[PlyCount "40"]
[EventDate "2018.06.16"]
[EventType "swiss"]
[EventCountry "GRE"]
[SourceTitle "playchess.com"]
[Source "ChessBase"]
[SourceQuality "1"]
[TimeControl "5400+30"]

1. e4 {[%emt 0:06:40]} g6 {[%emt 0:00:36]} 2. d4 {[%emt 0:00:36]} Bg7 {[%emt 0:00:06]} 3. Nf3 {[%emt 0:05:32]} d6 {[%emt 0:00:18]} 4. Bd3 {[%emt 0:02:40]} a6 {[%emt 0:00:26]} 5. a4 {[%emt 0:03:29]} b6 {[%emt 0:00:56]} 6. c3 {[%emt 0:13:31]} Nd7 {[%emt 0:01:15]} 7. O-O {[%emt 0:01:17]} e5 {[%emt 0:03:42]} 8. Re1 {[%emt 0:09:12]} Ngf6 {[%emt 0:00:49]} 9. Be3 {[%emt 0:04:49]} O-O {[%emt 0:03:33]} 10. Qc1 {[%emt 0:00:48]} Re8 {[%emt 0:07:32]} 11. Bh6 {[%emt 0:00:12]} Nf8 {[%emt 0:08:50]} 12. Bxg7 {[%emt 0:05:56]} Kxg7 {[%emt 0:00:18]} 13. Nbd2 {[%emt 0:06:21]} Nh5 {[%emt 0:03:55]} 14. g3 {[%emt 0:00:57]} Bg4 {[%emt 0:01:44]} 15. Bf1 {[%emt 0:00:50]} Qd7 {[%emt 0:12:27]} 16. Bg2 {[%emt 0:03:47]} Bh3 {[%emt 0:02:49]} 17. dxe5 {[%emt 0:03:48]} dxe5 {[%emt 0:00:27]} 18. Nc4 {[%emt 0:00:07]} Bxg2 {[%emt 0:06:03]} 19. Kxg2 {[%emt 0:02:45]} Nf4+ {[%emt 0:00:38]} 20. Kg1 {[%emt 0:13:20]} Nd3 {[%emt 0:00:28]} 0-1

[Event "2nd Hersonissos Open 2018"]
[Site "Hersonissos"]
[Date "2018.06.21"]
[Round "6"]
[White "Aggelakis, Ilias"]
[Black "Lichii, Elizaveta"]
[Result "1/2-1/2"]
[WhiteElo "1683"]
[BlackElo "1888"]
[Annotator "NA"]
[PlyCount "145"]
[EventDate "2018.06.16"]
[EventType "swiss"]
[EventCountry "GRE"]
[SourceTitle "playchess.com"]
[Source "ChessBase"]
[SourceQuality "1"]
[TimeControl "5400+30"]

1. c4 {[%emt 0:00:00]} Nf6 {[%emt 0:00:29]} 2. Nf3 {[%emt 0:00:00]} e6 {[%emt 0:00:18]} 3. g3 {[%emt 0:00:00]} b6 {[%emt 0:01:04]} 4. Bg2 {[%emt 0:00:00]} Bb7 {[%emt 0:00:05]} 5. O-O {[%emt 0:00:00]} c5 {[%emt 0:01:26]} 6. d4 {[%emt 0:09:50]} d6 {[%emt 0:08:37]} 7. Nc3 {[%emt 0:05:20]} Nbd7 {[%emt 0:01:08]} 8. b3 {[%emt 0:05:13]} Be7 {[%emt 0:03:18]} 9. Bb2 {[%emt 0:00:17]} O-O {[%emt 0:04:37]} 10. e3 {[%emt 0:05:19]} a6 {[%emt 0:06:43]} 11. Qe2 {[%emt 0:01:03]} Qc7 12. Rfd1 {[%emt 0:02:52]} cxd4 {[%emt 0:18:21]} 13. Nxd4 {[%emt 0:00:46]} Rac8 {[%emt 0:08:12]} 14. Rac1 {[%emt 0:03:59]} Qb8 {[%emt 0:01:20]} 15. Qd2 {[%emt 0:06:21]} Nc5 {[%emt 0:04:16]} 16. Nde2 {[%emt 0:05:57]} Bxg2 {[%emt 0:02:45]} 17. Kxg2 {[%emt 0:00:08]} Qb7+ {[%emt 0:00:14]} 18. Kg1 {[%emt 0:00:29]} Ng4 {[%emt 0:07:55]} 19. Nf4 {[%emt 0:02:04]} Ne5 {[%emt 0:00:35]} 20. Qe2 {[%emt 0:10:03]} Nf3+ {[%emt 0:00:19]} 21. Kf1 {[%emt 0:00:40]} Nxh2+ {[%emt 0:00:16]} 22. Ke1 {[%emt 0:00:16]} Nf3+ {[%emt 0:01:46]} 23. Kf1 {[%emt 0:00:04]} Ne5 {[%emt 0:11:14]} 24. Ng2 {[%emt 0:01:56]} f5 {[%emt 0:01:17]} 25. Nb1 {[%emt 0:06:40]} Ncd7 {[%emt 0:02:35]} 26. Bxe5 {[%emt 0:00:29]} Nxe5 {[%emt 0:00:05]} 27. Nd2 {[%emt 0:00:30]} Rf6 {[%emt 0:01:12]} 28. Kg1 {[%emt 0:00:36]} Rcf8 {[%emt 0:02:51]} 29. Rc2 {[%emt 0:00:39]} Rh6 {[%emt 0:00:23]} 30. e4 {[%emt 0:00:27]} fxe4 {[%emt 0:00:38]} 31. Qxe4 {[%emt 0:00:27]} Qxe4 {[%emt 0:01:33]} 32. Nxe4 {[%emt 0:00:02]} Nf3+ {[%emt 0:00:10]} 33. Kf1 {[%emt 0:00:07]} Rh1+ {[%emt 0:00:54]} 34. Ke2 {[%emt 0:00:04]} Rxd1 {[%emt 0:01:30]} 35. Kxd1 {[%emt 0:00:24]} g5 {[%emt 0:01:20]} 36. Ne3 {[%emt 0:00:15]} h6 {[%emt 0:00:38]} 37. Rc3 {[%emt 0:02:12]} Ne5 {[%emt 0:00:32]} 38. Ke2 {[%emt 0:00:36]} Kg7 {[%emt 0:04:31]} 39. Rc1 {[%emt 0:00:07]} Ng6 {[%emt 0:00:29]} 40. Rd1 {[%emt 0:00:00]} Rd8 {[%emt 0:00:00]} 41. Nc2 {[%emt 0:00:00]} d5 {[%emt 0:00:00]} 42. cxd5 {[%emt 0:00:00]} exd5 {[%emt 0:00:00]} 43. Nd2 {[%emt 0:00:00]} Bf6 {[%emt 0:00:00]} 44. Nf3 {[%emt 0:00:00]} a5 {[%emt 0:00:00]} 45. Ncd4 {[%emt 0:00:00]} Bxd4 {[%emt 0:00:00]} 46. Nxd4 {[%emt 0:00:00]} Kf6 {[%emt 0:00:00]} 47. Rc1 {[%emt 0:00:00]} Rd6 {[%emt 0:00:00]} 48. Rh1 {[%emt 0:00:00]} Ke5 {[%emt 0:00:00]} 49. Nf3+ {[%emt 0:00:00]} Ke4 {[%emt 0:00:00]} 50. Rxh6 {[%emt 0:00:00]} Nf4+ {[%emt 0:00:00]} 51. gxf4 {[%emt 0:00:00]} Rxh6 {[%emt 0:00:00]} 52. fxg5 {[%emt 0:00:00]} Rg6 {[%emt 0:00:00]} 53. a3 {[%emt 0:00:00]} Rg7 {[%emt 0:00:00]} 54. Nd2+ {[%emt 0:00:00]} Kf4 {[%emt 0:00:00]} 55. Kd3 {[%emt 0:00:00]} Rxg5 {[%emt 0:00:00]} 56. Kd4 {[%emt 0:00:00]} Re5 {[%emt 0:01:03]} 57. Nb1 {[%emt 0:00:00]} Kf5 {[%emt 0:00:58]} 58. Nc3 {[%emt 0:00:00]} Ke6 {[%emt 0:00:10]} 59. f3 {[%emt 0:00:00]} Rf5 {[%emt 0:02:36]} 60. Ke3 {[%emt 0:00:00]} Ke5 {[%emt 0:00:19]} 61. Ne2 {[%emt 0:00:00]} Kd6 {[%emt 0:02:31]} 62. f4 {[%emt 0:00:00]} Kc5 {[%emt 0:00:24]} 63. Ng3 {[%emt 0:00:00]} Rf7 {[%emt 0:00:39]} 64. f5 {[%emt 0:00:00]} b5 {[%emt 0:00:56]} 65. Kd3 {[%emt 0:00:00]} Rf6 {[%emt 0:00:46]} 66. Kc3 {[%emt 0:00:00]} d4+ {[%emt 0:01:07]} 67. Kd3 {[%emt 0:00:00]} Kd5 {[%emt 0:00:05]} 68. Ne2 {[%emt 0:00:00]} Rxf5 {[%emt 0:00:12]} 69. Nxd4 {[%emt 0:00:00]} Rf4 {[%emt 0:00:44]} 70. Nxb5 {[%emt 0:00:00]} Rf3+ {[%emt 0:00:07]} 71. Kc2 {[%emt 0:00:00]} Rf2+ {[%emt 0:00:41]} 72. Kd3 {[%emt 0:00:00]} Rf3+ {[%emt 0:00:09] Kd4+} 73. Kc2 {[%emt 0:00:00]} 1/2-1/2

[Event "2nd Hersonissos Open 2018"]
[Site "Hersonissos"]
[Date "2018.06.21"]
[Round "6"]
[White "Kotsinis, Alexandros"]
[Black "Brokalakis - Gounaris, Christos"]
[Result "0-1"]
[WhiteElo "1655"]
[BlackElo "1851"]
[Annotator "NA"]
[PlyCount "114"]
[EventDate "2018.06.16"]
[EventType "swiss"]
[EventCountry "GRE"]
[SourceTitle "playchess.com"]
[Source "ChessBase"]
[SourceQuality "1"]
[TimeControl "5400+30"]

1. d4 {[%emt 0:00:00]} Nf6 {[%emt 0:01:20]} 2. c4 {[%emt 0:00:00]} e6 {[%emt 0:00:05]} 3. g3 {[%emt 0:00:00]} d5 {[%emt 0:00:22]} 4. Nf3 {[%emt 0:00:02]} dxc4 {[%emt 0:00:29]} 5. Bg2 {[%emt 0:01:12]} Bb4+ {[%emt 0:02:02]} 6. Bd2 {[%emt 0:01:31]} c5 {[%emt 0:01:28]} 7. O-O {[%emt 0:08:45]} O-O {[%emt 0:02:43]} 8. Na3 {[%emt 0:06:07]} Nc6 {[%emt 0:28:39]} 9. dxc5 {[%emt 0:09:31]} Bxc5 {[%emt 0:03:29]} 10. Nxc4 {[%emt 0:00:11]} Nd5 {[%emt 0:05:40]} 11. Rc1 {[%emt 0:10:04]} Qe7 {[%emt 0:01:53]} 12. a3 {[%emt 0:08:05]} b5 {[%emt 0:06:31]} 13. b4 {[%emt 0:12:12]} bxc4 {[%emt 0:02:56]} 14. bxc5 {[%emt 0:02:45]} Qxc5 {[%emt 0:03:49]} 15. Qc2 {[%emt 0:13:30]} Ba6 {[%emt 0:03:51]} 16. Ng5 {[%emt 0:02:14]} g6 {[%emt 0:07:44]} 17. e4 {[%emt 0:09:22]} Nde7 {[%emt 0:07:43]} 18. Be3 {[%emt 0:00:51]} Qa5 {[%emt 0:00:45]} 19. e5 {[%emt 0:07:12]} Rac8 {[%emt 0:02:59]} 20. f4 {[%emt 0:01:01]} Qxa3 {[%emt 0:01:30]} 21. Qf2 {[%emt 0:00:55]} Nb8 {[%emt 0:07:02]} 22. Ra1 {[%emt 0:01:40]} Qc3 {[%emt 0:01:43]} 23. Ne4 {[%emt 0:01:06]} Qd3 {[%emt 0:00:44]} 24. Rfd1 {[%emt 0:00:08]} Qb3 {[%emt 0:00:10]} 25. Rdb1 {[%emt 0:00:49]} Qd3 {[%emt 0:00:11]} 26. Nc5 {[%emt 0:00:07]} Qd8 {[%emt 0:00:55]} 27. Nxa6 {[%emt 0:00:09]} Nxa6 {[%emt 0:00:12]} 28. Rxa6 {[%emt 0:00:01]} Nf5 {[%emt 0:00:37]} 29. Bc5 {[%emt 0:00:44]} Qd3 {[%emt 0:01:01]} 30. Rb7 {[%emt 0:00:39]} c3 {[%emt 0:00:47]} 31. Bf1 {[%emt 0:00:19]} Qd5 {[%emt 0:00:47]} 32. Rb5 {[%emt 0:01:39]} Rfd8 {[%emt 0:01:24]} 33. Ra2 {[%emt 0:02:34]} Qd1 {[%emt 0:01:00]} 34. Qc2 {[%emt 0:00:41]} Qe1 {[%emt 0:02:54]} 35. Bf2 {[%emt 0:00:19]} Qd1 {[%emt 0:00:32]} 36. Qxd1 {[%emt 0:00:15]} Rxd1 37. Rc5 {[%emt 0:00:54]} Rb8 {[%emt 0:00:27]} 38. Kg2 {[%emt 0:00:46]} Rb2 {[%emt 0:00:04]} 39. Rxa7 {[%emt 0:00:37]} Ne3+ {[%emt 0:02:16]} 40. Kf3 {[%emt 0:00:00]} Rxf1 {[%emt 0:00:00]} 41. Kxe3 {[%emt 0:00:00]} c2 {[%emt 0:00:00]} 42. Rac7 {[%emt 0:00:00]} Rxf2 {[%emt 0:00:00]} 43. h4 {[%emt 0:00:00]} Rg2 {[%emt 0:00:00]} 44. Kf3 {[%emt 0:00:00]} h5 {[%emt 0:00:00]} 45. Rc3 {[%emt 0:00:00]} Rh2 {[%emt 0:00:00]} 46. R7c5 {[%emt 0:00:00]} Ra2 {[%emt 0:00:00]} 47. Rc7 {[%emt 0:00:00]} Kg7 {[%emt 0:00:11]} 48. Rc8 {[%emt 0:00:00]} Rd2 {[%emt 0:01:00]} 49. R8c7 {[%emt 0:00:00]} c1=Q {[%emt 0:00:44]} 50. Rxc1 {[%emt 0:00:00]} Rd3+ {[%emt 0:00:08]} 51. Ke4 {[%emt 0:00:00]} Rxg3 {[%emt 0:00:01]} 52. R1c4 {[%emt 0:00:00]} Raa3 {[%emt 0:01:32]} 53. Rc2 {[%emt 0:00:00]} Ra4+ {[%emt 0:01:21]} 54. R2c4 {[%emt 0:00:00]} Rxc4+ {[%emt 0:00:35]} 55. Rxc4 {[%emt 0:00:00]} Rh3 {[%emt 0:00:18]} 56. Rb4 {[%emt 0:00:00]} Rxh4 {[%emt 0:00:15]} 57. Kf3 {[%emt 0:00:00]} g5 {[%emt 0:00:18]} 0-1